000 00590cam a2200169 4500
001 J110129
008 000000n 000 0 eng u
035 _a(Sirsi) u110129
110 _aIncorporated Society of Valuers and Auctioneers
_91201
245 _aBuying and selling a home a guide.
260 _aLondon
_bISVA
_c1984?
300 _a12p. ; 21cm.
650 _aABOUT RICS-RELATED ORGANISATIONS-INCORPORATED SOCIETY OF VALUERS AND AUCTIONEERS
650 _aPROPERTY-RESIDENTIAL PROPERTY-ACQUISITION AND DISPOSAL OF RESIDENTIAL PROPERTY
650 _aRESIDENTIAL SURVEYS
942 _n0
999 _c101057
_d101057